00241nam a2200097Ia 4500008004100000082001500041100001400056245003300070260003200103300000800135210430s9999 xx 000 0 und d a823 B424 W aS.Beckett aWaiting for GodotcS.Beckett aAB BooksbRamana Iyerc2006 a60p